সাহিত্যজিজ্ঞাসা : (Record no. 12677)
[ view plain ]
| 000 -LEADER | |
|---|---|
| fixed length control field | 00823nam a2200217 a 4500 |
| 001 - CONTROL NUMBER | |
| JCCL Control Number | 12677 |
| 003 - CONTROL NUMBER IDENTIFIER | |
| JCCL marc code | BD-JhCC |
| 005 - DATE AND TIME OF LATEST TRANSACTION | |
| control field | 20221117104341.0 |
| 008 - FIXED-LENGTH DATA ELEMENTS--GENERAL INFORMATION | |
| fixed length control field | 221117s2019 bg |||| |||| 000 0 ban d |
| 020 ## - INTERNATIONAL STANDARD BOOK NUMBER | |
| International Standard Book Number | 9789840420582 |
| 035 ## - SYSTEM CONTROL NUMBER | |
| system control number | (BD-JhCC)12677 |
| 040 ## - CATALOGING SOURCE | |
| Original cataloging agency | BD-JhCC |
| Modifying agency | BD-JhCC |
| 041 ## - LANGUAGE CODE | |
| Language code of Book | Bangla |
| 082 ## - DEWEY DECIMAL CLASSIFICATION NUMBER | |
| Classification number | 891.4409 |
| Author mark and Year | SHA 2019 |
| 245 ## - TITLE STATEMENT | |
| Title | সাহিত্যজিজ্ঞাসা : |
| Remainder of title | সাহিত্যসৃষ্টি ও সাহিত্যবিচার / |
| Statement of responsibility, etc | আবুল কাসেম ফজলুল হক (সম্পা.) |
| 260 ## - PUBLICATION, DISTRIBUTION, ETC. (IMPRINT) | |
| Place of publication, distribution, etc | ঢাকা : |
| Name of publisher, distributor, etc | আগামী প্রকাশনী, |
| Date of publication, distribution, etc | ২০১৯ |
| 300 ## - PHYSICAL DESCRIPTION | |
| Pagination | ৫৯৭ পৃ. : |
| Dimensions | ২২ সেমি. |
| 650 ## - SUBJECT ADDED ENTRY--TOPICAL TERM | |
| Topical term or geographic name as entry element | Bengali Literature |
| 700 ## - ADDED ENTRY--PERSONAL NAME | |
| Personal name | হক, আবুল কাসেম ফজলুল |
| 942 ## - ADDED ENTRY ELEMENTS (KOHA) | |
| Source of classification or shelving scheme | Dewey Decimal Classification |
| Koha item type | Books |
| Source of classification or shelving scheme | Damaged status | Not for loan | Home library | Current library | Shelving location | Date of accession | Cost, normal purchase price | Total Checkouts | Full call number | Barcode | Date last seen | Copy number | Koha item type |
|---|---|---|---|---|---|---|---|---|---|---|---|---|---|
| Dewey Decimal Classification | JCC Rouf Library | JCC Rouf Library | General Stacks | 11/17/2022 | 808.00 | 891.4409 SHA 2019 | 16963 | 11/17/2022 | C-1 | Books |